El estudio de la teología /

En este estudio de la teología, el autor trata de dar un enfoque de lo que es la teología cristiana a grandes rasgos para que las personas que la desconozcan tengan una idea de lo que significa. Los principales temas que explica Charles Davis son aquéllos relacionados con la salvación, los sacrament...

Полное описание

Сохранить в:
Библиографические подробности
Главный автор: Davis, Charles (autor)
Формат:
Язык:испанский
Опубликовано: Barcelona, España : Herder, 1965, c1965
Предметы:
Метки: Добавить метку
Нет меток, Требуется 1-ая метка записи!

MARC

LEADER 00000nam^a2200000^a^4500
001 000111195
005 20250521000000.0
009 20260310093822.674
037 |a Acervo ITESO - Biblioteca 
041 |a ESP 
082 |a 230. 046  |b DAV 
100 |a Davis, Charles  |e (autor) 
245 1 3 |a El estudio de la teología /  |c C. Davis ; tr. por Alejandro Ros. 
264 4 |a Barcelona, España :  |b Herder,  |c 1965, c1965 
300 |a 341 p. 
336 |a texto  |b txt  |2 rdacontenido 
337 |a sin mediación  |b n  |2 rdamedio 
338 |a volumen  |b nc  |2 rdasoporte 
500 |a Traducción de: The Study of Theology 
520 |a En este estudio de la teología, el autor trata de dar un enfoque de lo que es la teología cristiana a grandes rasgos para que las personas que la desconozcan tengan una idea de lo que significa. Los principales temas que explica Charles Davis son aquéllos relacionados con la salvación, los sacramentos, el pecado original, Jesucristo y sus diferentes manifestaciones, entre otros. 
649 |a XX 
650 |a Fe 
650 |a Pecado 
650 |a Salvación 
650 |a Sacramentos 
650 |a Jesucristo -  |x Historicidad 
650 |a Hombre (Teología) 
650 |a Iglesia Católica 
650 |a Teología Doctrinal 
650 |a Teología 
650 |a Catolicismo 
650 |a Cristianismo 
650 |a Religión 
910 |a Fondo Salvador Reynoso Reynoso 
920 |a Impresos - Libros 
930 |a Fondos Especiales 
905 |a 112 
901 |a 0500048607  |b IT2  |c ESP  |u 20250521 
902 |a https://opac.biblio.iteso.mx/vufind/Record/000111195